| 000 | 00986 a2200229 4500 | ||
|---|---|---|---|
| 003 | MN-UlNLM | ||
| 005 | 20220629173732.0 | ||
| 008 | a130t1991 mp ||||| |||| 00| 0 mon d | ||
| 040 | _aМонгол Улсын Үндэсний номын сан | ||
| 084 |
_a84.5мо-44 _2NNA _bД 81 _q84 |
||
| 100 | 1 | _aДуламханд С. | |
| 245 | 1 |
_aХүүхэн хүний араншин _bӨгүүллэгүүд _cРед. Н.Өлзийбат |
|
| 250 | _a1 | ||
| 260 | 1 |
_aУБ _bУлсын стандарт үнийн жагсаалт ХГ _c1991 |
|
| 300 | _a56x | ||
| 546 | _aMongolia | ||
| 653 |
_aУран зохиол _aӨгүүллэг _aМонголын уран зохиол |
||
| 740 |
_aСувдан зүүлт _aЭмээгийн хайртай тоглоом _aХүүхэн хүний араншин _aТавилан _aЭр хүн байна даа _aАав ирсэн гэж үү? _aСэтгэлийн нүд _aНүнжиг |
||
| 856 | _aprintbook | ||
| 942 | _cBK | ||
| 999 |
_c51456 _d51456 |
||